000 00686nam a2200241Ia 4500
003 OSt
005 20220918165716.0
006 a|||||r|||| 00| 0
007 ta
008 220917b |||||||| |||| 00| 0 eng d
020 _a8170369908 (hbk)
024 _a162,191
037 _cTextual
040 _aARTS
_cARTS
_beng
041 _2eng
_aeng
082 _a4.2, P1-;1
245 0 _aCritical issues in communications
_b looking inward for answers edited by Srinivas R.Melkote and Sandhya Rao
260 _aNew Delhi
_bSage Publications
_c2001
300 _a419p.
_ccm.
650 _aJOUNRALISM
_93876
942 _h4.2, P1-;1
_cTEXL
_2CC
999 _c130804
_d130804